000 00211nam a2200085Ia 4500
008 170617s9999 xx 000 0 und d
100 _aGHOSH- BIJAYA
245 0 _aBASIC CONCEPTS IN PHARMA. RESUERCH
260 _bNEW DELHI-CBS
260 _c2010
999 _c15485
_d15485